De la transición a la transferencia del canal II: 1978-1999. = From the transition to the transference of Panama Canal II: 1978-1999 /
Kaydedildi:
| Yazar: | |
|---|---|
| Diğer Yazarlar: | |
| Materyal Türü: | Metin |
| Konular: | |
| Etiketler: |
Etiketle
Etiket eklenmemiş, İlk siz ekleyin!
|
MARC
| LEADER | 00000 a a2200000 04500 | ||
|---|---|---|---|
| 001 | 18308 | ||
| 003 | |||
| 040 | |||
| 100 | |a Araúz, Celestino Andrés | ||
| 245 | |a De la transición a la transferencia del canal II: 1978-1999. = |b From the transition to the transference of Panama Canal II: 1978-1999 / |c Celestino Andrés Araúz | ||
| 246 | |a From the transition to the transference of Panama Canal II: 1978-199 | ||
| 500 | |a Primera parte en volumen 2, número 2, dic. 2000. NA 18858.02 | ||
| 650 | |a ZONA DEL CANAL DE PANAMA | ||
| 650 | |a BASES MILITARES | ||
| 650 | |a ACUERDOS INTERNACIONALES | ||
| 650 | |a LUCHA CONTRA LAS DROGAS | ||
| 700 | |a Pizzurno, Patricia | ||
| 773 | |g volumen 3, número 1; páginas 7-44 | ||
| 999 | |c 19818 |d 19818 | ||
